000 00758nam a22002177a 4500
999 _c12133
_d12133
003 AR-CdUCM
008 190405b ||||| |||| 00| 0 spa d
040 _aMUNICIPALIDAD PROVINCIAL DEL CUSCO
_cBIBLIOTECA MUNICIPAL DEL CUSCO
082 _a869.56 /
_bR77
100 _aRojas, Pedro
_913402
245 _aCesar Vallejo :
_bEl mas grande poeta del Perú /
260 _aLima :
_bMiguel scorza editores.
300 _a67 páginas ;
_c12 cm.
500 _aDonación familia Nieto
505 _aContenido: Cesar Perú -- Binomio poeta-hombre -- Santiago de chuco -- Trujillo: Los Heraldos Negros...
650 _aVallejo
_912219
650 _aPoemas peruanos
_91040
650 _aPoesía peruana
_9806
942 _2ddc
_cLIBROS
945 _arjall
_d05/04/2019